Größte Stadt im Einzugsgebiet - Europa - Statistiken

Allgemein
  • Dieses Quiz wurde 132 mal gespielt
    5 seit der letzten Aktualisierung
  • Das Durchschnittsergebnis liegt bei 21 aus 30
Antworten auf der Karte
Die Antworten werden auf der Karte rot bzw. grün angezeigt, abhängig davon wie oft sie richtig erraten wurden.
 
Antwortstatistiken
km² Strom EW_innen Stadt % Korrekt
148 k Elbe 3.677.472 Berlin
100%
46.3 k Weser 563.290 Bremen
100%
510 k Dnepr 2.952.301 Kiew
100%
119 k Oder 672.929 Łódź
100%
98.1 k Rhone 522.228 Lyon
100%
70.8 k Tajo 3.277.451 Madrid
100%
73.7 k Po 1.354.196 Mailand
100%
1433 k Wolga 13.010.112 Moskau
100%
75.4 k Seine 2.145.906 Paris
100%
281 k Newa 5.601.911 Sankt Petersburg
100%
55.8 k Garonne 498.003 Toulouse
100%
193 k Weichsel 1.860.281 Warschau
100%
802 k Donau 1.982.442 Wien
100%
185 k Rhein 1.114.745 Amsterdam
75%
437 k Don 1.421.125 Charkiw
75%
85.6 k Düna 620.974 Riga
75%
84.8 k Ebro 681.430 Saragossa
75%
92.5 k Memel 357.510 Vilnius
75%
73.2 k Dnister 532.513 Chișinău
50%
50.2 k Göta älv 655.429 Göteborg
50%
117 k Loire 320.732 Nantes
50%
53.5 k Mariza 319.612 Plowdiw
50%
57.1 k Guadalquivir 684.340 Sevilla
50%
67.0 k Guadiana 151.048 Badajoz
25%
52.4 k Kuban 1.099.344 Krasnodar
25%
63.6 k Südlicher Bug 470.011 Mykolajiw
25%
211 k Ural 543.645 Orenburg
25%
56.2 k Narva 193.082 Pskow
25%
97.3 k Duero 297.370 Valladolid
25%
357 k Nördliche Dwina 313.944 Wologda
25%
Keine übereinstimmenden Quizze gefunden
Verteilung der Resultate
Anzahl Personen mit jedem Resultat
Perzentil nach korrekt beantworteten Fragen
Ihre Resultats-Entwicklung
Sie haben dieses Quiz seit der letzten Aktualisierung nicht gespielt